| 000 | 00489nam a22001577a 4500 | ||
|---|---|---|---|
| 005 | 20260423155222.0 | ||
| 008 | 260423b |||||||| |||| 00| 0 eng d | ||
| 020 | _a9780435905408 | ||
| 050 |
_aPR9387.9 _b.A76 |
||
| 100 | _aAyi Kwei Armah | ||
| 245 | _aThe Beautyful Ones Are Not Yet Born | ||
| 260 |
_aHarlow, England _bPearson Education Limited _c1988 |
||
| 300 | _a183p. | ||
| 650 |
_aEnglish Literature _vPolitical corruption—Fiction _xSocial conditions—Ghana—Fiction |
||
| 942 | _cBK | ||
| 999 |
_c4694 _d4694 |
||